| 000 | 00382pab a2200157 454500 | ||
|---|---|---|---|
| 008 | 180718b1984 xxu||||| |||| 00| 0 eng d | ||
| 100 | _aPoole, Keith T. | ||
| 245 | _aThe plarization of American Politics | ||
| 260 | _c1984 | ||
| 300 | _a1061-79 | ||
| 362 | _aNov. | ||
| 650 | _aU.S.A - Politics | ||
| 700 | _aHoward Rosenthal | ||
| 773 | _aJournal of Politics | ||
| 909 | _a20091 | ||
| 999 |
_c20091 _d20091 |
||